Logo BPK

Biblioteka

Politechniki Koszalińskiej

Przyroda województwa gorzowskiego : (Rekord nr 36433)

Szczegóły MARC
000 -ETYKIETA REKORDU
podpole kontrolne o stałej długości 01068nam a2200253 i 4500
001 - NUMER KONTROLNY REKORDU
pole kontrolne bg
020 ## - MIĘDZYNARODOWY ZNORMALIZOWANY NUMER KSIĄŻKI - ISBN
ISBN 8390576031
040 ## - ŹRÓDŁO KATALOGOWANIA
Instytucja, która utworzyła rekord BPK
041 0# - KOD JĘZYKA
Kod języka tekstu pl
080 ## - UNIWERSALNA KLASYFIKACJA DZIESIĘTNA - UKD
UKD 581.9+591.9+502](438)
920 ## - Międzynarodowy znormalizowany numer książki – ISBN
ISBN 83-905760-3-1
008 - POLE O STAŁEJ DŁUGOŚCI - DANE KONTROLNE
podpole kontrolne o stałej długości s pl f |000 0 pol
245 00 - TYTUŁ/ODPOWIEDZIALNOŚĆ
Tytuł Przyroda województwa gorzowskiego :
Ciąg dalszy tytułu Drawieński Park Narodowy : praca zbiorowa /
Pozostałe elementy strefy tytułu i oznaczenia odpowiedzialności pod red. Lucjana Agapowa ; [aut. Lucjan Agapow et al.] ; fot. i koment. Ryszard Janowski, współpr. Ewa Lukas-Janowska.
246 11 - WARIANT TYTUŁU
Tytuł Natur der Woidschaft Gorzów Wielkopolski
260 ## - STREFA ADRESU WYDAWNICZEGO
Miejsce wydania Gorzów Wielkopolski :
Nazwa wydawcy/dystrybutora Wojewódzki Fundusz Ochrony Środowiska i Gospodarki Wodnej,
Data publikacji, dystrybucji/powstania dokumentu 1998.
300 ## - STREFA OPISU FIZYCZNEGO
Objętość 335 s. :
Inne cechy fizyczne fot., kolor., mapy ;
Rozmiary 24 cm.
500 ## - UWAGI OGÓLNE
Tekst uwagi Tyt. niem. "Natur der Woiwodschaft Gorzów Wielkopolski: der Drawieński Nationalpark". Tekst także niem.
504 ## - UWAGA DOTYCZĄCA BIBLIOGRAFII
Informacje o bibliografii Bibliogr. s. 261-262.
650 #9 - HASŁO PRZEDMIOTOWE W FORMIE NAZWY OGÓLNEJ LUB JEDNOSTKOWEJ
Nazwa ogólna lub geograficzna Rezerwaty i parki narodowe
Określnik geograficzny Polska
651 #9 - HASŁO PRZEDMIOTOWE W FORMIE NAZWY GEOGRAFICZNEJ
Nazwa geograficzna Gorzów Wielkopolski, okręg
Określnik ogólny fauna i flora
700 1# - HASŁO DODATKOWE - NAZWA OSOBOWA
Nazwa osobowa AGAPOW, Lucjan.
Określenie związku między hasłem a opisywanym materiałem Red.
700 1# - HASŁO DODATKOWE - NAZWA OSOBOWA
Nazwa osobowa JANOWSKI, Ryszard.
Określenie związku między hasłem a opisywanym materiałem Il.
856 ## - LOKALIZACJA I DOSTĘP DO ELEKTRONICZNYCH DOKUMENTÓW ZDALNYCH
Link (URL) http://koha.tu.koszalin.pl/cgi-bin/koha/opac-detail.pl?biblionumber=36433
Tekst linku Katalog online BPK
942 ## - DODATKOWE ELEMENTY (KOHA)
Typ dokumentu Książka
Egzemplarze
Wycofany Status egzemplarza Uszkodzony Dostępność Lokalizacja stała Lokalizacja bieżąca Miejsce przechowywania Sygnatura Kod kreskowy Dział Typ dokumentu
      Tylko na miejscu Biblioteka Politechniki Koszalińskiej Biblioteka Politechniki Koszalińskiej Czytelnia BG 50807 01456271 502.5 Krajobraz. Rezerwaty Książka
© 2023 Biblioteka Politechniki Koszalińskiej :: KOHA